1997 1248 1454 1853 1733 1254 1892 1142 1682 1475 1443 1786 1406 1552 1343 1583 1772 1871 1174 1569 1969 1049 1473 1217 1904 1914 1546 1933 1528 1753 1744 1210 1167 1741 1803 1249 1131 1631 1490 1761 1540 1740 1374 1038 1157 1773 1126 1417 1063 1636 1466 1637 1184 1203 1115 1067 1638 1742 1481 1915 1572 1540 1671 1992 1113 1599 1513 1177 1504 1372 1344 1275 1247 1995 1798 1366 1597 1067 1863 1000 1687 1556 1837 1898 1113 1960 1709 1440 1252 1684 1344 1420 1957 1209 1547 1795 1810 1433 1083 BCNSPRNW ULIB Ver.6.0+V

เปลี่ยนเป็นภาษาไทย

Change to English
 แสดงรายละเอียดบรรณานุกรม
  กลับหน้าหลัก

Brief Record : Get Marc (ISO 2709) : E-mail record : QR code < ปิดหน้าต่าง
LEADER : 00000nam 2200000uu 4500
001    13399112434
003     ULIB
008    110816s2554||||th 000 0 tha d
020    9786167375540
060 04 WY156^bก492
245 00 การพยาบาลที่เป็นเลิศในการดูแลผู้ป่วยโรคมะเร็ง =^bBestnursing practice in cancer care /^cบรรณาธิการ, วงจันทร์ เพชรพิเชฐเชียร
246 31 Best nursing practice in cancer care
260    [สงขลา] :^bภาควิชาการพยาบาลสูติศาสตร์ คณะพยาบาลศาสตร์มหาวิทยาลัยสงขลานครินทร์,^c2554
300    [10], 361 หน้า :^bภาพประกอบ ;^c25 ซม.
504    มีบรรณานุกรมและดัชนี
650  4 มะเร็ง^xการพยาบาล
650  4 มะเร็ง^xผู้ป่วย^xการดูแล
650  4 เนื้องอก^xผู้ป่วย^xการดูแล
700 0  วงจันทร์ เพชรพิเชฐเชียร,^eบรรณาธิการ
710 2  มหาวิทยาลัยสงขลานครินทร์. ^bภาควิชาการพยาบาลศัลยศาสตร์
945    ^p350^l0^i18506
945    ^p350^l0^i18507
945    ^p350^l0^i18742
945    ^p350^l0^i18743
945    ^p350^l0^i18744
995    กัณชพร
999    ^aใช้งานได้ทุกระบบ
รายการนี้ยังไม่มีแท็ก
คุณยังไม่ได้ล็อกอิน คุณสามารถมีกิจกรรมร่วมกับเว็บไซต์ได้ แต่ต้องล็อกอินก่อน ::
  ล็อกอิน

รายการสื่อสารสนเทศ

ลำดับที่ ประเภท เลขเรียก/บาร์โค้ด สถานที่ สถานะ
1. วิทยาศาสตร์การแพทย์ และสุขภาพ
วิทยาศาสตร์การแพทย์ และสุขภาพ
สถานะ=หนังสือเก่า
WY156 ก492 ฉ.1 
  Barcode: 18506
ห้องสมุดวิทยาเขตนครสวรรค์
►ส่วนจัดเก็บหนังสือเก่า นว.
บนชั้น
  ขอยืม
2. วิทยาศาสตร์การแพทย์ และสุขภาพ
วิทยาศาสตร์การแพทย์ และสุขภาพ
สถานะ=หนังสือเก่า
WY156 ก492 ฉ.2 
  Barcode: 18507
ห้องสมุดวิทยาเขตนครสวรรค์
►ส่วนจัดเก็บหนังสือเก่า นว.
บนชั้น
  ขอยืม
3. วิทยาศาสตร์การแพทย์ และสุขภาพ
วิทยาศาสตร์การแพทย์ และสุขภาพ
สถานะ=หนังสือเก่า
WY156 ก492 ฉ.3 
  Barcode: 18742
ห้องสมุดวิทยาเขตนครสวรรค์
►ส่วนจัดเก็บหนังสือเก่า นว.
บนชั้น
  ขอยืม
4. วิทยาศาสตร์การแพทย์ และสุขภาพ
วิทยาศาสตร์การแพทย์ และสุขภาพ
สถานะ=หนังสือเก่า
WY156 ก492 ฉ.4 
  Barcode: 18743
ห้องสมุดวิทยาเขตนครสวรรค์
►ส่วนจัดเก็บหนังสือเก่า นว.
บนชั้น
  ขอยืม
5. วิทยาศาสตร์การแพทย์ และสุขภาพ
วิทยาศาสตร์การแพทย์ และสุขภาพ
สถานะ=หนังสือเก่า
WY156 ก492 ฉ.5 
  Barcode: 18744
ห้องสมุดวิทยาเขตนครสวรรค์
►ส่วนจัดเก็บหนังสือเก่า นว.
บนชั้น
  ขอยืม

รายการใกล้เคียง
    หัวเรื่อง [มะเร็ง ผู้ป่วย การดูแล]

BibComment


ยังไม่เคยถูกคอมเมนท์

คอมเมนท์ทรัพยากรรายการนี้
  คอมเมนท์: การพยาบาลที่เป็นเ..


 Copyright 2026. Bcnsprnw @Library